[Event "Chennai WinTV op 1st"]
[Site "Chennai"]
[Date "2004.01.25"]
[Round "6"]
[White "Gokhale, Anupama"]
[Black "Vedadari, K."]
[Result "1-0"]
[WhiteElo "2218"]
[BlackElo "2071"]
[PlyCount "91"]
[EventDate "2004.01.21"]
[EventType "swiss"]
[EventRounds "13"]
[EventCountry "IND"]
[SourceTitle "CBM 098 Extra"]
[Source "ChessBase"]
[SourceDate "2004.03.10"]
[SourceVersion "2"]
[SourceVersionDate "2004.03.10"]
[SourceQuality "1"]

1. d4 Nf6 2. c4 e6 3. g3 d5 4. Nf3 Be7 5. Bg2 0-0 6. 0-0 Nbd7 7. Qc2 c5 8. cxd5 exd5 9. b3 b6 10. Bb2 Bb7 11. dxc5 Nxc5 12. Nd4 Re8 13. Nc3 Rc8 14. Bh3 Nce4 15. Bxc8 Bxc8 16. Nxe4 dxe4 17. Rfd1 Qd7 18. Nc6 Qe6 19. Nxe7+ Qxe7 20. Qc6 Nd7 21. Rac1 h6 22. Qd6 Qxd6 23. Rxd6 Nc5 24. Bd4 Ne6 25. Be3 Kf8 26. a4 Ke7 27. Rd2 Bd7 28. f4 f5 29. Kf2 g5 30. Rd5 Rf8 31. a5 bxa5 32. Bc5+ Nxc5 33. Rcxc5 Be6 34. Rc7+ Kf6 35. Rd6 Rf7 36. Rxf7+ Kxf7 37. Ra6 Bxb3 38. Rxa5 gxf4 39. gxf4 Kg6 40. Rxa7 Bc4 41. Rc7 Bb3 42. Rc6+ Kg7 43. Ke3 Bf7 44. Kd4 Bh5 45. e3 Be8 46. Rb6 1-0